Wonders and splendours in Indian fiction in english/ (Record no. 191458)

MARC details
000 -LEADER
fixed length control field 00640nam a22001937a 4500
005 - DATE AND TIME OF LATEST TRANSACTION
control field 20220826144449.0
010 ## - LCCN (DPL NO)
LC control number ENG-134711
020 ## - INTERNATIONAL STANDARD BOOK NUMBER
International Standard Book Number 9789382630050
Terms of availability 695.00
035 ## - SYSTEM CONTROL NUMBER
System control number EN-118243
037 ## - SOURCE OF ACQUISITION
Source of stock number/acquisition DBAD/PUB
082 ## - DEWEY DECIMAL CLASSIFICATION NUMBER
Classification number 880.9
100 ## - MAIN ENTRY--PERSONAL NAME
Personal name Gopichand, P.
245 ## - TITLE STATEMENT
Title Wonders and splendours in Indian fiction in english/
Statement of responsibility, etc P. Gopichand and P. Nagasuseela
260 ## - PUBLICATION, DISTRIBUTION, ETC. (IMPRINT)
Place of publication, distribution, etc Jaipur
Name of publisher, distributor, etc Aadi publications
Date of publication, distribution, etc 2013
270 ## - ADDRESS
Address f-11, S.S. tower, Dhamani Street, Chaura Rasta
City Jaipur
Postal code 302003
Telephone number 01412311900
Electronic mail address aadipublication@gmail.com
300 ## - PHYSICAL DESCRIPTION
Extent xii, 187p
Dimensions 22cm(hbk)
Other physical details Index
700 ## - ADDED ENTRY--PERSONAL NAME
Personal name Nagasuseela, P.
942 ## - ADDED ENTRY ELEMENTS (KOHA)
Source of classification or shelving scheme Dewey Decimal Classification
Item type English Books
Call number suffix 880.9
Classification part GOP
Holdings
Withdrawn status Lost status Not for loan Collection code Home library Current library Date acquired Source of acquisition Cost, normal purchase price Full call number Barcode Copy number Cost, replacement price Koha item type
      Non-fiction Bawana Bawana 26/08/2022 DBAD/PUB 695.00 GOP 880.9 EN-118243 1 695.00 English Books

© Delhi Public Library
Hit Counter
free hit counter